000 00435nam a2200145Ia 4500
008 231129s2015||||xx |||||||||||||| ||spa||
020 _a978-958-754-175-5
040 _bspa
082 _a986.136 C957a
100 _aCruz Betancourt Carmen Inés
245 0 _aArmero: diez años de ausencia
260 _c2015
264 _aIbague Colombia : Universidad de Ibagué. Paz y Región
942 _2ddc
_cBKS
999 _c5570
_d5570